000 03493cam a2200277 4500500
005 20251228053003.0
041 _afre
042 _adc
100 1 0 _aPoittevin, Aude
_eauthor
245 0 0 _aUne lecture des espaces pour lire les liens fraternels
260 _c2005.
500 _a6
520 _aRésuméLa spécificité des fratries recomposées permet d’appréhender le fraternel en pensant les relations fraternelles au-delà de la germanité. La particularité de la fratrie recomposée, coprésence de germains et/ou de demis et/ou de quasis, se trouve dans l’affaiblissement du degré de consanguinité et dans le renforcement de la dimension de corésidence. Dans ce type d’ensemble fraternel, la corésidence est centrale car elle devient l’élément commun à tous les enfants.Des espaces de l’enfant proprement dit aux espaces de la famille dans son ensemble, la fratrie recomposée se décline en plusieurs lieux dont elle modifie l’organisation et l’appréhension en fonction de ses variations. Au sein des interactions, de ce qui fait être frère et sœur, se construisent, se confortent, et se reconfigurent des manières d’être ensemble et des modes de co-existence.
520 _aThe specificity of the stepsibling bonding can provide insight into the sibling relationship beyond the concept of a purely biological relationship. The particularity of the stepsibling bonding, the co-presence of full biological siblings and/or half-siblings and/or quarter-siblings, resides in the decline of the degree of blood relationship and in the intensification of the dimension of co-residence. In this type of sibling group, co-residence is central because it becomes the common denominator for all the children.From designated children’s spaces to those for the family as a whole, the reconstituted family of stepsiblings lives in several places and consequently modifies how and for what purposes those spaces are used. Within these interactions which define being brother or sister, ways of being together and modes of coexistence are constructed, supported and reconfigured.
520 _aResumenLa especificidad de las familias recompuestas permite acercarse a lo fraterno al indagar en las relaciones fraternas más allá de la hermandad. La particularidad de las familias recompuestas con presencia de hermanos y/o hermanastros, y/o de « casi hermanos » reside en el debilitamiento del grado de sangre compartida y en el fortalecimiento de la dimensión de la co-residencia. En este tipo de conjunto fraternal, la co-residencia es central porque se convierte en el elemento común a todos los hijos.Desde los espacios del hijo propiamente dicho a los espacios de la familia, las relaciones entre hermanos se declinan en varios lugares cuya organización y comprensión se modifican en función de sus variaciones. Dentro de las interacciones, lo que define ser hermano o hermana, se constryuen, se confrontan y se reconfiguran maneras de estar juntos y modos de coexistencia.
690 _aenfants
690 _afamilles recomposées
690 _aliens fraternels
690 _atemps et espaces familiaux
690 _achildren
690 _afamily times and spaces
690 _areconstituted families
690 _asibling bonds
786 0 _nEspaces et sociétés | 120-121 | 1 | 2005-06-01 | p. 61-77 | 0014-0481
856 4 1 _uhttps://shs.cairn.info/revue-espaces-et-societes-2005-1-page-61?lang=fr&redirect-ssocas=7080
999 _c1584895
_d1584895